Tham khảo toàn diện Windows server 2003. Tập 3, Quản lý và phục hồi sự cố trong Windows server 2003 /

保存先:
書誌詳細
第一著者: Lữ Đức Hào
フォーマット: 図書
言語:Vietnamese
出版事項: TKE 2003
タグ: タグ追加
タグなし, このレコードへの初めてのタグを付けませんか!
Thư viện lưu trữ: Mạng thư viện Đại học Đà Nẵng
LEADER 00697nam a2200265 4500
001 000027734
003 LƯ-H3
005 20150403120000.0
008 150403s vm 000 vie
020 |c 0,0000 
040 |a notts 
100 |a Lữ Đức Hào 
245 |a Tham khảo toàn diện Windows server 2003. Tập 3, Quản lý và phục hồi sự cố trong Windows server 2003 /  |c Lữ Đức Hào. 
260 |b TKE  |c 2003 
OWN |a LTT 
999 |a From the UDN01 
TYP |a Monograph 
TYP |a Printed language 
980 |a Mạng thư viện Đại học Đà Nẵng